Kovové materiály. STN 42 0371. EN ISO 6506-2 : Brinellova skúška tvrdosti. Časť 2: Overovanie a kalibrácia skúšobných strojov. Jún 2006

Enregistré dans:
Détails bibliographiques
Format: Livre
Langue:slovaque
Publié: Bratislava : Slovenský ústav technickej normalizácie, 2006
Sujets:
Tags: Ajouter un tag
Pas de tags, Soyez le premier à ajouter un tag!

MARC

LEADER 00000nam a22000003a 4500
001 stu245868
005 20150408162622.0
008 120420s2006----xo------------------slo-d
040 |a STU  |b slo 
041 0 |a slo 
044 |a xo 
245 |a Kovové materiály. STN 42 0371. EN ISO 6506-2 :  |b Brinellova skúška tvrdosti. Časť 2: Overovanie a kalibrácia skúšobných strojov. Jún 2006 
260 |a Bratislava :  |b Slovenský ústav technickej normalizácie,  |c 2006 
300 |a 16 s 
500 |a Táto norma nahrádza STN EN ISO 6506-2 z marca 2002 v celom rozsahu 
650 7 |a kovové materiály  |2 stusub 
996 |b 284M081000  |c M*N-1474-1  |l MMKN  |s A  |a 24  |w stu245868_0001